000 00761nam a2200289Ia 4500
005 20260324113230.0
008 008 260324s9999 xx 000 0 eng d
020 _a9781032614229
037 _aEBOOK
040 _aCRL
040 _beng
040 _cCRL
041 _2eng
041 _aeng
084 _qCRL
100 _aNicki Newton; Ann Elise Record; Alison J. Mello
_91145945
245 0 _aFluency Doesn't Just Happen in Multiplication and Division
245 0 _bStrategies and Models for Teaching the Basic Facts
260 _bTaylor and Francis
260 _c2024
365 _a
365 _b230
856 _uhttp://www.taylorfrancis.com/books/9781032614229
942 _cEBOOK
999 _c1735489
_d1735489